000 00682nam a2200253Ia 4500
008 181129s9999 xx 000 0 und d
020 _a9780545447805
050 _bN892 2012
100 _aNorwich, Grace
245 0 _aI am Martin Luther King, Jr. /
245 0 _cby Grace Norwich ; illustrated by Elisabeth Alba.
260 _aNew York, NY :
260 _bScholastic,
260 _c2012
300 _a127 pages :
300 _billustrations ;
300 _c19cm.
650 _aBaptists --
650 _aCivil rights workers --
650 _xUnited States -- Clergy -- Biography.
650 _xUnited States.
700 _aAlba, Elisabeth.
700 _aTitle.
999 _c360278
_d360278